[Event "Andalucia-chB"]
[Site "Roquetas de Mar"]
[Date "2017.05.21"]
[Round "5"]
[White "Lorente Serrano, Rosa Adela"]
[Black "Valenzuela Fernandez, Alejandro"]
[Result "0-1"]
[WhiteElo "1486"]
[BlackElo "1416"]
[PlyCount "102"]
[EventDate "2017.05.19"]
[EventType "swiss"]
[EventRounds "6"]
[EventCountry "ESP"]
[SourceTitle "EXT 2020"]
[Source "ChessBase"]
[SourceDate "2019.10.17"]
[SourceVersion "1"]
[SourceVersionDate "2019.10.17"]
[SourceQuality "1"]

1. b3 Nf6 2. Bb2 g6 3. c4 Bg7 4. e3 c5 5. Nf3 e6 6. d3 d6 7. Nbd2 0-0 8. Be2 b6 9. 0-0 Bb7 10. Qc2 Nbd7 11. Rfd1 Qc7 12. Rac1 Rac8 13. d4 cxd4 14. Nxd4 a6 15. Bf3 d5 16. Qb1 Qb8 17. a3 e5 18. Nc2 Nc5 19. Be2 dxc4 20. Bxc4 b5 21. Be2 Rfd8 22. b4 Na4 23. Nf3 Nd5 24. Nce1 Ndc3 25. Rxd8+ Rxd8 26. Bxc3 Nxc3 27. Rxc3 e4 28. Nd4 Bxd4 29. exd4 Rxd4 30. Nc2 Rd8 31. Qe1 Rd5 32. Ne3 Rg5 33. Qd2 f5 34. h4 Rxg2+ 35. Kxg2 f4 36. Ng4 e3+ 37. f3 exd2 38. Rd3 h5 39. Nf6+ Kg7 40. Nd7 Qe8 41. Rxd2 Qe3 42. Rc2 Qe7 43. Nc5 Bc8 44. Ne4 Bf5 45. Bd3 Qxh4 46. Rc7+ Kh6 47. Rc6 Bh3+ 48. Kg1 Qe1+ 49. Kh2 Bf1 50. Rd6 Bxd3 51. Rxd3 Qe2+ 0-1